00466cam a2200157ua 4500001000400000008003900004020001900043040000900062082001300071245005200084250003800136260003500174300002400209653002300233653005200256974110425n ii |||gr||||Z||||||eng a0-19-8247-56-7 cMAIN a324.20921 aMoral and political writings of Mahatma Gandhi. a1st. / bEdited by Raghavan Iyer. aDelhi.:bClarendon press.,987. axx, 641 p.:c25 cm. aPolitical science. aMoral and political writings of Mahatma Gandhi.